Fundamentals of Cost Accounting (Record no. 7571)

MARC details
000 -LEADER
fixed length control field 00621nam a22002057a 4500
003 - CONTROL NUMBER IDENTIFIER
control field OSt
005 - DATE AND TIME OF LATEST TRANSACTION
control field 20211206124617.0
008 - FIXED-LENGTH DATA ELEMENTS--GENERAL INFORMATION
fixed length control field 211206b ||||| |||| 00| 0 eng d
020 ## - INTERNATIONAL STANDARD BOOK NUMBER
International Standard Book Number 9780071318358
040 ## - CATALOGING SOURCE
Transcribing agency DDC
082 ## - DEWEY DECIMAL CLASSIFICATION NUMBER
Classification number 657.42 LAN 2014
100 ## - MAIN ENTRY--PERSONAL NAME
Personal name Lanen, William N.; Shannon W. Anderson; Michael W. Maher.
9 (RLIN) 15491
245 ## - TITLE STATEMENT
Title Fundamentals of Cost Accounting
250 ## - EDITION STATEMENT
Edition statement 4e.
260 ## - PUBLICATION, DISTRIBUTION, ETC. (IMPRINT)
Place of publication, distribution, etc. Boston :
Name of publisher, distributor, etc. McGraw-Hill Irwin;
Date of publication, distribution, etc. ©2014,
300 ## - PHYSICAL DESCRIPTION
Extent xxxvi, 636, [34] pages :
Other physical details illustrations (chiefly color) ;
Dimensions 28 cm
504 ## - BIBLIOGRAPHY, ETC. NOTE
Bibliography, etc Includes index.
650 ## - SUBJECT ADDED ENTRY--TOPICAL TERM
Topical term or geographic name as entry element Cost accounting.
9 (RLIN) 15492
942 ## - ADDED ENTRY ELEMENTS (KOHA)
Source of classification or shelving scheme Dewey Decimal Classification
Koha item type Book
Holdings
Withdrawn status Lost status Source of classification or shelving scheme Damaged status Not for loan Home library Current library Date acquired Source of acquisition Inventory number Total Checkouts Full call number Barcode Date last seen Price effective from Koha item type
    Dewey Decimal Classification     Faculty of Management Science Library Faculty of Management Science Library 06/12/2021 Purchase 17/40154   657.42 LAN 2014 2021-2050 06/12/2021 06/12/2021 Book
    Dewey Decimal Classification     Faculty of Management Science Library Faculty of Management Science Library 06/12/2021 Purchase 17/40155   657.42 LAN 2014 2021-2051 06/12/2021 06/12/2021 Book